Lugares con Nombres Raros al País - Estadísticas

Estadísticas generales
  • Esta prueba ha sido intentada 83 veces
  • La puntuación promedio es 4 de 15
Estadísticas de respuestas
Hint Respuesta % Correcto
Å Noruega
63%
Accident Estados Unidos
58%
Llanfair­pwllgwyngyll­gogery­chwyrn­drobwll­llan­tysilio­gogo­goch Reino Unido
38%
Negra Muerta Argentina
35%
Kagar Alemania
29%
Batman Turquía
27%
Peor es Nada Chile
19%
Buenas Noches España
19%
Comerccacca Perú
17%
Dildo Canadá
12%
X-Box México
12%
Okinawa Uno Bolivia
10%
Y Francia
8%
Try Again Sudáfrica
8%
Bastardo Italia
6%
No se encontraron pruebas coincidentes
Distribución de puntuación
Porcentaje de gente con cada puntuación
Porcentaje por número respondido
Historial de tus puntuaciones
No has intentado esta prueba.